Oxford business English dictionary, for learners of English

Saved in:
Bibliographic Details
Main Author: Noble, Joseph (Author)
Other Authors: Parkinson, Dilys (Editor)
Format: Book
Language:English
Published: Oxford Oxford University 2005
Edition:1a. ed
Subjects:
Tags: Add Tag
No Tags, Be the first to tag this record!

MARC

LEADER 00000cam a2200000 a 4500
001 UCF1223
003 CL-VaPUC
008 120629e20050000UK |||||||||||||||||eng|d
020 |a 9780194316170 
082 0 4 |a 658.03  |b PAR  |2 21 
100 |a Parkinson, Dilys  |e editor  |9 562814 
700 0 |a Noble, Joseph  |e author  |9 562815 
245 1 0 |a Oxford business English dictionary, for learners of English 
250 |a 1a. ed 
300 |a 616 p 
942 |c BK 
945 |d 20120629 00:00:00  |a cmena 
260 |a Oxford  |b Oxford University  |c 2005 
500 |a Incluye CD-ROM 
650 0 |a Negocios  |9 262468 
650 0 |a Diccionarios  |9 256200 
650 0 |a Lengua inglesa  |9 318842 
583 |a last modification  |c 20120629 12:35:00  |k Rodrigo Vera 
999 |c 348113  |d 348111 
952 |0 0  |1 0  |4 0  |6 658_030000000000000_PAR_2005  |7 0  |8 F  |9 449993  |a BIBGIM  |b BIBGIM  |d 2019-11-22  |i 4879252  |o 658.03 PAR 2005  |p 4879252  |r 2025-01-15  |w 2019-11-22  |y BK_F  |k COM 
952 |0 0  |1 0  |4 0  |6 658_030000000000000_PAR_2005  |7 0  |8 F  |9 449994  |a BIBGIM  |b BIBGIM  |d 2019-11-22  |i 4879260  |o 658.03 PAR 2005  |p 4879260  |r 2025-01-15  |w 2019-11-22  |y BK_F  |k COM